Länder Asiens zuordnen - Statistiken

Allgemein
  • Dieses Quiz wurde 774 mal gespielt
  • Das Durchschnittsergebnis liegt bei 30 aus 48
Antworten auf der Karte
Die Antworten werden auf der Karte rot bzw. grün angezeigt, abhängig davon wie oft sie richtig erraten wurden.
 
Antwortstatistiken
Antwort % Korrekt
China
95%
Japan
90%
Mongolei
88%
Südkorea
88%
Nordkorea
87%
Indien
83%
Indonesien
81%
Philippinen
77%
Taiwan
75%
Saudi-Arabien
72%
Sri Lanka
71%
Malediven
70%
Nepal
68%
Türkei
68%
Oman
67%
Pakistan
67%
Thailand
66%
Vietnam
65%
Irak
64%
Singapur
64%
Bangladesch
63%
Jemen
63%
Zypern
63%
Afghanistan
62%
Laos
62%
Israel
61%
Malaysia
61%
Vereinigte
Arabische
Emirate
60%
Kasachstan
59%
Myanmar
59%
Bhutan
58%
Osttimor
58%
Iran
56%
Kambodscha
56%
Aserbaidschan
53%
Katar
52%
Brunei
51%
Syrien
51%
Libanon
50%
Armenien
49%
Georgien
48%
Jordanien
48%
Kuwait
47%
Usbekistan
45%
Kirgisistan
44%
Bahrain
40%
Turkmenistan
37%
Tadschikistan
36%
Keine übereinstimmenden Quizze gefunden
Verteilung der Resultate
Anzahl Personen mit jedem Resultat
Perzentil nach korrekt beantworteten Fragen
Ihre Resultats-Entwicklung
Sie haben dieses Quiz noch nicht gespielt